| 000 | 00957pam a2200289 a 4500 | ||
|---|---|---|---|
| 001 | 1835 | ||
| 003 | BD-RjUL | ||
| 005 | 20211208233425.0 | ||
| 008 | 131209s1991 maua b 001 0 eng | ||
| 020 | _a0201176289 | ||
| 020 | _a0201514893 (package) | ||
| 020 | _a0201514885 (disk) | ||
| 035 | _a(BD-RjUL)1862 | ||
| 040 |
_aDLC _cDLC _dDLC _dBD-RjUL _beng |
||
| 041 | _aeng | ||
| 082 | 0 | 0 |
_a330.01595 _220 _bBEP 1991 |
| 100 | 1 |
_aBerndt, Ernst R. _96076 |
|
| 245 | 1 | 4 |
_aThe practice of econometrics : _bclassic and contemporary / _cErnst R. Berndt. |
| 260 |
_aReading, Mass. : _bAddison-Wesley Pub. Co., _cc1991. |
||
| 300 |
_axviii, 702 p. : _bill. ; _c24 cm. |
||
| 500 | _aSystem requirements for computer data disk: PC; DOS; statistics or econometrics software package; printer. | ||
| 504 | _aIncludes bibliographical references and index. | ||
| 650 | 0 |
_aEconometrics. _95847 |
|
| 942 |
_2ddc _cBK |
||
| 999 |
_c1835 _d1835 |
||